[Event "GER CCM-E03-D email"]
[Site "GER email"]
[Date "2019.06.19"]
[Round "?"]
[White "Babychuk, Vladimir"]
[Black "Seidl, Albert"]
[Result "1/2-1/2"]
[WhiteElo "2229"]
[BlackElo "2198"]
[PlyCount "44"]
[EventDate "2019.??.??"]
[EventType "tourn (corr)"]
[EventRounds "13"]
[EventCountry "GER"]
[SourceTitle "Corr 2022"]
[Source "ChessBase"]
[SourceDate "2021.10.24"]
[SourceVersion "1"]
[SourceVersionDate "2021.10.24"]
[SourceQuality "1"]

1. d4 Nf6 2. c4 e6 3. Nf3 b6 4. g3 Bb7 5. Bg2 Be7 6. 0-0 0-0 7. Re1 Na6 8. Nc3 Ne4 9. Bf4 Nxc3 10. bxc3 Be4 11. Nd2 Bxg2 12. Kxg2 Re8 13. a4 Bf6 14. Ne4 d6 15. Be3 Be7 16. a5 c5 17. axb6 axb6 18. Qb3 d5 19. dxc5 bxc5 20. Red1 Nc7 21. Nxc5 Qc8 22. Ra4 dxc4 1/2-1/2

[Event "GER CCM-E03-D email"]
[Site "GER email"]
[Date "2019.06.19"]
[Round "?"]
[White "Heide, Eckhard"]
[Black "Seidl, Albert"]
[Result "1/2-1/2"]
[WhiteElo "2228"]
[BlackElo "2198"]
[PlyCount "49"]
[EventDate "2019.??.??"]
[EventType "tourn (corr)"]
[EventRounds "13"]
[EventCountry "GER"]
[SourceTitle "Corr 2022"]
[Source "ChessBase"]
[SourceDate "2021.10.24"]
[SourceVersion "1"]
[SourceVersionDate "2021.10.24"]
[SourceQuality "1"]

1. e4 c5 2. Nf3 Nc6 3. Bb5 d6 4. 0-0 Bd7 5. Re1 Nf6 6. c3 a6 7. Bf1 Bg4 8. d4 cxd4 9. cxd4 d5 10. e5 Nd7 11. Be3 e6 12. a3 Be7 13. Bd3 Bh5 14. Nbd2 Bg6 15. Bxg6 hxg6 16. Rc1 Rc8 17. Rc3 0-0 18. Qb1 Nb6 19. Rec1 Qd7 20. h3 Rc7 21. Bg5 Rfc8 22. Bxe7 Nxe7 23. Rxc7 Rxc7 24. b3 Rxc1+ 25. Qxc1 1/2-1/2

[Event "GER CCM-E03-D email"]
[Site "GER email"]
[Date "2019.06.19"]
[Round "?"]
[White "Seidl, Albert"]
[Black "Benko, Bostjan"]
[Result "1/2-1/2"]
[WhiteElo "2198"]
[BlackElo "2226"]
[PlyCount "49"]
[EventDate "2019.??.??"]
[EventType "tourn (corr)"]
[EventRounds "13"]
[EventCountry "GER"]
[SourceTitle "Corr 2020"]
[Source "ChessBase"]
[SourceDate "2019.09.30"]
[SourceVersion "1"]
[SourceVersionDate "2019.09.30"]
[SourceQuality "1"]

1. e4 e5 2. Nf3 Nc6 3. Bb5 Nf6 4. 0-0 Nxe4 5. d4 Nd6 6. dxe5 Nxb5 7. a4 Nbd4 8. Nxd4 Nxd4 9. Qxd4 d5 10. Qd3 c6 11. a5 Be6 12. Nc3 Qd7 13. Ne2 Bf5 14. Qc3 c5 15. Ng3 Be6 16. Rd1 h5 17. h4 d4 18. Qd3 Be7 19. Ne4 Bf5 20. Bg5 0-0 21. Bxe7 Qxe7 22. Nf6+ Qxf6 23. exf6 Bxd3 24. fxg7 Rfe8 25. cxd3 1/2-1/2

[Event "GER rap18 FSM/V01 email"]
[Site "GER email"]
[Date "2018.10.23"]
[Round "?"]
[White "Bendig, Frank"]
[Black "Seidl, Albert"]
[Result "1/2-1/2"]
[WhiteElo "2069"]
[BlackElo "2014"]
[PlyCount "124"]
[EventDate "2018.11.01"]
[EventType "tourn (corr)"]
[EventRounds "4"]
[EventCountry "GER"]
[SourceTitle "Corr 2020"]
[Source "ChessBase"]
[SourceDate "2019.09.30"]
[SourceVersion "1"]
[SourceVersionDate "2019.09.30"]
[SourceQuality "1"]

1. b3 e5 2. Bb2 Nc6 3. e3 a6 4. Nf3 e4 5. Nd4 Nf6 6. c4 Nxd4 7. Bxd4 Be7 8. Qc2 0-0 9. Nc3 d5 10. cxd5 Re8 11. a4 Bf5 12. Bc4 Bd6 13. f4 Qe7 14. 0-0 Rab8 15. Qb2 h5 16. Rab1 Bc5 17. Be5 Bd6 18. Bxd6 Qxd6 19. b4 h4 20. Rfc1 h3 21. g3 Bd7 22. b5 axb5 23. axb5 Red8 24. Qc2 Qe7 25. Rb2 Bg4 26. Ra2 Qe8 27. Bf1 c5 28. dxc6 bxc6 29. Rb2 cxb5 30. Nxb5 Rd7 31. Nc3 Rxb2 32. Qxb2 Qa8 33. Rc2 Qa7 34. Qc1 Rd8 35. Ra2 Qb6 36. Qc2 Qb4 37. Rb2 Qc5 38. Nxe4 Nxe4 39. Qxe4 Qc1 40. Qc2 Qa1 41. Qc7 Rc8 42. Rb8 Rxb8 43. Qxb8+ Kh7 44. Qd8 f5 45. Kf2 Qd1 46. Qd5 Kh6 47. Qd3 Qf3+ 48. Kg1 Qd1 49. Qa6+ Kh7 50. d4 Qe1 51. Qd3 g6 52. d5 Bf3 53. d6 Bg2 54. Qe2 Qc1 55. Kf2 Bxf1 56. Qxf1 Qd2+ 57. Qe2 Qxd6 58. g4 Qc6 59. Kg3 fxg4 60. e4 Qc5 61. Qd2 Qg1+ 62. Kh4 g3 1/2-1/2

[Event "GER rap18 FSM/V01 email"]
[Site "GER email"]
[Date "2018.10.23"]
[Round "?"]
[White "Seidl, Albert"]
[Black "Schelberg, Martin"]
[Result "1-0"]
[WhiteElo "2014"]
[BlackElo "1570"]
[PlyCount "57"]
[EventDate "2018.11.01"]
[EventType "tourn (corr)"]
[EventRounds "4"]
[EventCountry "GER"]
[SourceTitle "Corr 2022"]
[Source "ChessBase"]
[SourceDate "2021.10.24"]
[SourceVersion "1"]
[SourceVersionDate "2021.10.24"]
[SourceQuality "1"]

1. e4 g6 2. d4 Bg7 3. Nc3 d6 4. Nf3 Nf6 5. Be3 0-0 6. Qd2 a6 7. Bh6 c5 8. 0-0-0 cxd4 9. Nxd4 Bxh6 10. Qxh6 Nc6 11. h4 Qb6 12. Nd5 Nxd5 13. Nxc6 bxc6 14. exd5 Bf5 15. h5 Qxf2 16. Bd3 Bxd3 17. Rxd3 g5 18. Qxg5+ Kh8 19. dxc6 f6 20. Qe3 Qxg2 21. Rg1 Qh2 22. Rg3 Rae8 23. Rd1 Qxh5 24. Rdg1 Qf7 25. Qh6 Rg8 26. Rxg8+ Rxg8 27. Rxg8+ Qxg8 28. Qe3 Qxa2 29. Qb6 1-0

[Event "GER-Cup36 E/V01 email"]
[Site "GER email"]
[Date "2018.09.11"]
[Round "?"]
[White "Seidl, Albert"]
[Black "Schwarz, Hans"]
[Result "1-0"]
[WhiteElo "2014"]
[BlackElo "1891"]
[PlyCount "53"]
[EventDate "2018.09.20"]
[EventType "tourn (corr)"]
[EventRounds "4"]
[EventCountry "GER"]
[SourceTitle "Corr 2020"]
[Source "ChessBase"]
[SourceDate "2019.09.30"]
[SourceVersion "1"]
[SourceVersionDate "2019.09.30"]
[SourceQuality "1"]

1. e4 e6 2. d4 d5 3. Nc3 Bb4 4. e5 Qd7 5. Bd2 b6 6. Nf3 c6 7. h4 Ba6 8. Bxa6 Nxa6 9. h5 h6 10. Ne2 Bxd2+ 11. Qxd2 Ne7 12. 0-0-0 0-0-0 13. Kb1 Kb7 14. Nc3 c5 15. dxc5 Nxc5 16. Qf4 Rhf8 17. Rhe1 Nc6 18. b4 Qe7 19. bxc5 Qxc5 20. Re3 Rc8 21. Qa4 a6 22. Ne2 b5 23. Qa3 Qc4 24. Nfd4 b4 25. Qa4 Ne7 26. Rb3 Ka7 27. a3 1-0